000
00267nam a2200121Ia 4500
008
190216s9999||||xx |||||||||||||| ||und||
100
_a
Goldberg S L
245
0
_a
Joyce
260
_b
Oliver And Boyd
_c
1965
300
_a
120p
650
_a
English Essay
942
_c
BK
999
_c
12466
_d
12466